000 005080000a22001930004500
001 001004
003 MACL
005 20150712145403.0
008 150712b xxu||||| |||| 00| 0 eng d
040 _aMACL
_cMACL
041 _aEnglish
082 _a320.0954/CHA
100 _aBalz, Rodolphe
_91923
245 _aThe Healing Power of Essential Oils
_cRodolphe Balz
260 _aNew Delhi
_c1999
_bMotilal Banarasidas Publishers,
350 _a195
650 _aMedical Sciences
_91924
942 _k610
_cBK
_2ddc
999 _c1000
_d1000